MDQL
is popping MORE tags! Check the
thread
!
Quizzes
Events
Quiz Creation
Community
Videos
Private Events
Remove Ads
Sign In
Join for FREE
Feedback
Dark Mode
Quiz Categories
Sports
Geography
Music
Movies
Television
Just For Fun
Miscellaneous
History
Literature
Language
Science
Gaming
Entertainment
Religion
Holiday
For Kids
Quiz Lab
Recent
Popular Today
Quiz Kudos Today
Editor Picks
Curator Picks
Quizzes by...
Day
Popularity
Type
Ratings
Length
Year
Community
Subscriptions
Recent Discussions
Orange Saloon
Badges
Playlists
Quests
Create
Leaderboards
Showdown
Live 5
Trivia Bingo
Activity
Puzzle Library
Sporcle Events
Private Events
Virtual Trivia
Globe League
Become a Host
Pub Owners
SporcleCon
Opinionation
Our Games
Videos
Blog
Mobile Apps
Partnerships
Remove Ads and Go Orange
Feedback
Gaming
Video Games
Board Games
Card Games
Pokémon
Mario
Nintendo
Minecraft
Console
Toys
Legend of Zelda
Gaming
Video Games
Board Games
Card Games
Pokémon
Mario
Nintendo
Minecraft
Console
Toys
Legend of Zelda
Random Quiz
Search Sporcle
×
Quiz Lab
Quiz Lab
Gaming
Cave
Type in answers that appear in a list
Type in answers that appear in a list
Classic
Best Score? Go Orange.
Caves Names- Oblivion (Elder Scrolls IV) Stats
Can you name the Caves Names- Oblivion (Elder Scrolls IV)?
By
imabanana
8m
90 Questions
51 Plays
51 Plays
51 Plays
Comments
Comments
Give Quiz Kudos
Give Quiz Kudos
-
- Ratings
hide this ad
Replay
Link that replays current quiz
Next Quiz
Link to next quiz in quiz playlist
You Got
0%
They Got
Avg Score
27%
Avg Friend Score
Upgrade to see
Score Distribution
Jump to the score distribution portion of the page
Score
0/90
Timer
08:00
0
Plays Today
Name
% Correct
Goblin Jim's Cave
56.9%
Bloodcrust Cavern
52.9%
Greenmead Cave
49%
Lost Boy Cavern
49%
Memorial Cave
49%
Sideways Cave
49%
Yellow Tick Cave
49%
Haynote Cave
47.1%
Fingerbowl Cave
45.1%
Grayrock Cave
45.1%
Horn Cave
45.1%
Tidewater Cave
45.1%
Charcoal Cave
43.1%
Dzonot Cave
43.1%
Echo Cave
43.1%
Fatback Cave
43.1%
Robber's Glen Cave
43.1%
Toadstool Hollow
43.1%
Wellspring Cave
41.2%
Bramblepoint Cave
37.3%
Howling Cave
37.3%
Kingscrest Cavern
37.3%
Sinkhole Cave
37.3%
Veyond Cave
37.3%
Bloodmayne Cave
35.3%
Bruma Caverns
35.3%
Fallen Rock Cave
35.3%
Frostfire Glade
35.3%
Boreal Stone Cave
33.3%
Fyrelight Cave
33.3%
Name
% Correct
Mingo Cave
33.3%
Pothole Caverns
33.3%
Quickwater Cave
33.3%
Red Ruby Cave
33.3%
Redguard Valley Cave
31.4%
Arrowshaft Cavern
29.4%
Swampy Cave
29.4%
Timberscar Hollow
29.4%
Dark Fissure
27.5%
Felgageldt Cave
27.5%
Glademist Cave
27.5%
Imperial Prison Sewer
27.5%
Barren Cave
25.5%
Black Rock Caverns
25.5%
Broken Promises Cave
25.5%
Cracked Wood Cave
25.5%
Crayfish Cave
25.5%
Imperial Sewers North Exit
25.5%
Imperial Sewers South East Exit
25.5%
Reedstand Cave
25.5%
Darkfathom Cave
23.5%
Sandstone Cavern
23.5%
Wind Cave
23.5%
Hrota Cave
21.6%
Newt Cave
21.6%
Nisin Cave
21.6%
Outlaw Endre's Cave
21.6%
Sage Glen Hollow
21.6%
Shinbone Cave
21.6%
Serpent Hollow Cave
19.6%
Name
% Correct
Silver Tooth Cave
19.6%
Amelion Tomb
17.6%
Onyx Caverns
17.6%
Shadow's Rest Cavern
17.6%
Smoke Hole Cave
17.6%
Unmarked Cave
17.6%
Capstone Cave
15.7%
Fieldhouse Cave
13.7%
Muck Valley Cavern
13.7%
Nonwyll Cavern
13.7%
Redwater Slough
13.7%
Rockmilk Cave
13.7%
Serpent's Trail
13.7%
Wenderbek Cave
13.7%
Bleak Flats Cave
11.8%
Kindred Cave
11.8%
Lake Arrius Caverns
11.8%
Moss Rock Cavern
11.8%
Rock Bottom Caverns
11.8%
Undertow Cavern
11.8%
The Beast's Maw
9.8%
Bloodrun Cave
9.8%
Breakneck Cave
9.8%
Brittlerock Cave
9.8%
Leafrot Cave
9.8%
Mongrel's Tooth Cave
9.8%
Bedrock Break
7.8%
Underpall Cave
7.8%
Shattered Scales Cave
5.9%
Smuggler's Cave
2%
Quiz Playlist
Details
Report
Send in Message
Add To Playlist
Classic:
Type in answers that appear in a list
Quiz Source
Last Updated: Feb 16, 2017
Quiz Scoreboard
CHALLENGE
Sign Up to Join the Scoreboard
Show All
Scores
Hide
Comments
May contain spoilers
Recently Published
5x2 Blitz: Bands
by SL_Kpop136
Music
30s
Colored Red Africa Blitz
by spor1
Geography
30s
Find the 'City' Movie
by crazypaving
Movies
60s
More to Explore
Quiz From the Vault
Featured Blog Post
14 Easter Pick-up Lines to Find Eggs With
hide this ad
You Might Also Like...
Tags
Cave
Elder
Elder Scrolls
name
Oblivion
scroll
Today's Top Quizzes in Gaming
Browse Gaming
hide this ad
Top Contributed Quizzes in Gaming
1
Dead By Daylight Logic Puzzle
2
Destiny 2 exotic weapons by perk icons
3
League of Legends Pro Players by Career/Team History
4
Genshin Impact Logic Puzzle Quiz II
5
Windmill: Elements
6
Minecraft Typing Challenge
7
Pokémon Spelling Bee
8
Genshin murder mystery
9
Legendary or Exotic?
10
Overwatch 2: Ultimate Ability Icons
Explore More
Trending Topics
Kpop
Harry Potter
Marvel
Anime
Disney
Crossword
NBA
The Office
NFL
Song
Puzzle
Soccer
WWE
Country
Pokémon
hide this ad
More By:
imabanana
Quiz
Plays
Rating
Category
Featured
Created
FIFA World Rankings Since 1993
263,539
4.58
Sports
Sep 24, 2011
Most Visited Websites Per Country
244,380
4.43
Miscellaneous
Sep 8, 2010
International Soccer Cup Winners
223,747
4.65
Sports
May 1, 2010
English Football Champions Minefield
155,426
4.40
Sports
Jun 24, 2011
Pokémon by Letter (Each Generation)
93,462
4.30
Gaming
Jun 26, 2011
Go to Creator's Profile
Score Distribution
Quiz Creator Spotlight
imabanana
Follow
Send a Message
Quizzes Created
-
Created Quiz Play Count
-
More By This Creator
Popular Quizzes Today
1
Find the 'City' Movie
2
Colored Red Africa Blitz
3
Find the US States - No Outlines Minefield
4
5x2 Blitz: Bands
5
The Countries of the World
6
Find the US States
7
US States
8
9x9 Crossword: Cartoon Network
More Gaming Quizzes
Animal Crossing Character Crossword
Quiz Lab
Trending Quizzes
Colored Red Europe Blitz I
Colored Red Africa Blitz II
Colored Red Europe Blitz II
Colored Red Africa Blitz III
Colored Red Europe Blitz III
Recently Updated
2024 March Madness Bracket
pecheneg
Famous TV Couples
Peacemaker
Champions League XIs: Real Madrid
pecheneg
Largest US Cities 1790-2010
pecheneg
Rides in Walt Disney World
pecheneg
Most Oscar Losses (Acting)
pecheneg
Beyoncé Albums
pecheneg
Leaping Animals
pecheneg
Reality TV Shows (A-Z)
bhenderson79
Rickey Henderson's Hall of Fame Teammates
pecheneg
Trending Topics
Kpop
Crossword
Disney
Marvel
Anime
Harry Potter
NBA
Puzzle
NFL
Soccer
The Office
Pokémon
WWE
Song
Country
Your Account Isn't Verified!
In order to create a playlist on Sporcle, you need to verify the email address you used during registration. Go to your
Sporcle Settings
to finish the process.
Report this User
Report this user for behavior that violates our
Community Guidelines
.
Details:
Send Report
Go to the Sporcle.com Mobile Site →
Comments